The geopolitics of emotion : (Record no. 208)

000 -LEADER
fixed length control field 03203cam a2200445 a 4500
001 - CONTROL NUMBER
control field 15487683
003 - CONTROL NUMBER IDENTIFIER
control field OSt
005 - DATE AND TIME OF LATEST TRANSACTION
control field 20210417113433.0
008 - FIXED-LENGTH DATA ELEMENTS--GENERAL INFORMATION
fixed length control field 081017s2009 nyu b 001 0 eng
010 ## - LIBRARY OF CONGRESS CONTROL NUMBER
LC control number 2008044798
020 ## - INTERNATIONAL STANDARD BOOK NUMBER
International Standard Book Number 0385523769
020 ## - INTERNATIONAL STANDARD BOOK NUMBER
International Standard Book Number 9780385523769
035 ## - SYSTEM CONTROL NUMBER
System control number (OCoLC)ocn263146959
040 ## - CATALOGING SOURCE
Original cataloging agency DLC
Transcribing agency DLC
Modifying agency C#P
-- BUR
-- BWX
-- YDXCP
-- CDX
-- PRV
-- IAY
-- DMZ
-- DLC
050 00 - LIBRARY OF CONGRESS CALL NUMBER
Classification number JZ1318
Item number .M64 2009
080 ## - UNIVERSAL DECIMAL CLASSIFICATION NUMBER
Universal Decimal Classification number 32
Item number M-78
082 00 - DEWEY DECIMAL CLASSIFICATION NUMBER
Classification number 303.48/2
Edition number 22
100 1# - MAIN ENTRY--PERSONAL NAME
Personal name Moïsi, Dominique.
245 14 - TITLE STATEMENT
Title The geopolitics of emotion :
Remainder of title how cultures of fear, humiliation, and hope are reshaping the world /
Statement of responsibility, etc. Dominique Moïsi.
250 ## - EDITION STATEMENT
Edition statement 1st ed., [American ed.]
260 ## - PUBLICATION, DISTRIBUTION, ETC.
Place of publication, distribution, etc. New York :
Name of publisher, distributor, etc. Doubleday,
Date of publication, distribution, etc. c2009.
300 ## - PHYSICAL DESCRIPTION
Extent xii, 176 p. ;
Dimensions 25 cm.
365 ## - TRADE PRICE
Price amount 21.95 usd
504 ## - BIBLIOGRAPHY, ETC. NOTE
Bibliography, etc. note Includes bibliographical references (p. [169]-172) and index.
505 0# - FORMATTED CONTENTS NOTE
Formatted contents note Introduction: The clash of emotions -- Globalization, identity, and emotions -- The culture of hope -- The culture of humiliation -- The culture of fear -- Hard cases -- The world in 2025.
520 ## - SUMMARY, ETC.
Summary, etc. The first book to investigate the far-reaching emotional impact of globalization. Dominique Moïsi, an authority on international affairs, argues that our post-9/11 world has become divided by more than cultural fault lines. He chronicles how the geopolitics of today is characterized by a "clash of emotions," and how cultures of fear, humiliation, and hope are reshaping the world. Moïsi contends that the United States and Europe have been dominated by fears of the "other" and of their loss of a national identity and purpose. For Muslims, the combination of historical grievances, exclusion from the economic boon of globalization, and civil and religious conflicts have created a culture of humiliation that is quickly devolving into a culture of hatred. Meanwhile, Asia has been able to concentrate on building a better future and seizing the economic initiative from the American-dominated West, creating a new culture of hope. How will these varying emotions influence the political, social, and cultural conflicts that roil our world? And what will the effect of the world economic crisis be?--From publisher description.
650 #0 - SUBJECT ADDED ENTRY--TOPICAL TERM
Topical term or geographic name entry element Globalization
General subdivision Psychological aspects.
650 #0 - SUBJECT ADDED ENTRY--TOPICAL TERM
Topical term or geographic name entry element Cultural relations
General subdivision Psychological aspects.
650 #0 - SUBJECT ADDED ENTRY--TOPICAL TERM
Topical term or geographic name entry element Geopolitics
General subdivision Psychological aspects.
653 ## - INDEX TERM--UNCONTROLLED
Uncontrolled term გლობალიზაცია
653 ## - INDEX TERM--UNCONTROLLED
Uncontrolled term კულტურული ურთიერთობები
653 ## - INDEX TERM--UNCONTROLLED
Uncontrolled term გეოპოლიტიკა
856 42 - ELECTRONIC LOCATION AND ACCESS
Materials specified Contributor biographical information
Uniform Resource Identifier <a href="http://www.loc.gov/catdir/enhancements/fy1007/2008044798-b.html">http://www.loc.gov/catdir/enhancements/fy1007/2008044798-b.html</a>
856 42 - ELECTRONIC LOCATION AND ACCESS
Materials specified Publisher description
Uniform Resource Identifier <a href="http://www.loc.gov/catdir/enhancements/fy1007/2008044798-d.html">http://www.loc.gov/catdir/enhancements/fy1007/2008044798-d.html</a>
856 41 - ELECTRONIC LOCATION AND ACCESS
Materials specified Sample text
Uniform Resource Identifier <a href="http://www.loc.gov/catdir/enhancements/fy1007/2008044798-s.html">http://www.loc.gov/catdir/enhancements/fy1007/2008044798-s.html</a>
856 41 - ELECTRONIC LOCATION AND ACCESS
Materials specified Table of contents only
Uniform Resource Identifier <a href="http://www.loc.gov/catdir/enhancements/fy1007/2008044798-t.html">http://www.loc.gov/catdir/enhancements/fy1007/2008044798-t.html</a>
906 ## - LOCAL DATA ELEMENT F, LDF (RLIN)
a 7
b cbc
c orignew
d 1
e ecip
f 20
g y-gencatlg
942 ## - ADDED ENTRY ELEMENTS (KOHA)
Source of classification or shelving scheme
Koha item type Books
Edition 1
Holdings
Withdrawn status Lost status Source of classification or shelving scheme Damaged status Not for loan Permanent location Current location Date acquired Inventory number Full call number Barcode Date last seen Price effective from Koha item type
          Ken Walker International University Ken Walker International University 11/12/2020 290 32 M-78 290 11/12/2020 11/12/2020 Books

Powered by Koha